| 000 | 01047nam0a22002411 4500 | ||
|---|---|---|---|
| 001 | rc\4889140 | ||
| 005 | 20130426151619.5 | ||
| 035 | _a(NLR Aleph) 008829394 | ||
| 090 |
_a8272525 _c8272525 |
||
| 100 | _a20130426d1963 |||y0rusy50 ca | ||
| 101 | 0 | _arus | |
| 102 | _aRU | ||
| 105 | _aa z ||||| | ||
| 200 | 1 |
_aОкрасочная установка с автоматическим подъемом и опусканием ванны _fГос. Ком. Совета Министров РСФСР по координации науч.-исслед. работ. Гос. Науч. исслед. ин-т науч. и техн. информации |
|
| 210 |
_aМосква _cБ. и. _d1963 |
||
| 215 |
_a6 с. _cчерт. _d14 |
||
| 225 | 1 |
_aПередовой научно-технический и производственный опыт _v№ 16-63-866/36 |
|
| 700 | 1 |
_aЭмельдеш _bФ. С. _gФедор Самойлович |
|
| 801 | 0 |
_aRU _bNLR _gpsbo |
|
| 801 | 1 |
_aRU _bELAR _2rusmarc |
|
| 852 |
_aNLR _jП11/2295 |
||
| 942 | _cBOOK | ||
| 980 | _aNB | ||